01576nam a22001937a 4500003001000000005001700010008004100027040001400068041000700082100002300089245005000112260003500162300001200197500013600209520099500345650001301340654001101353700001801364IT-MiCISF20170531111905.0170530b xxu||||| |||| 00| 0 eng d cIT-MiCISF ait aCerrelli Giancarlo aLa famiglia in ItaliabDal divorzio al gender aMilanobSugarco Edizionic2015 app. 338 afamiglia, società, storia, divorzio, legislazione, differenza-sessuale, magistero, diritto, cambiamenti-famgilia, omosessualità aQuesto libro racconta la storia di quella che ritiene essere un’aggressione culturale, politica e giuridica alla famiglia, cominciando dal Sessantotto e in particolare dall’introduzione della legge sul divorzio, per arrivare al gender e alle unioni civili, grazie alle quali si permette di definire famiglia ciò che famiglia non può essere. Nella prima parte, viene esaminato il processo politico e culturale che ha progressivamente eroso la centralità della famiglia in Italia, fino all’esplicita avversità e al considerarla come una delle possibili espressioni affettive: da famiglia a famiglie. Nella seconda, si affronta il percorso legislativo e giuridico con il quale la cellula fondamentale della società è diventata una semplice somma di individui. Secondo gli autori, l’analisi dei fatti non induce tuttavia alla perdita della speranza: la famiglia fondata sul matrimonio rimane un desiderio di ogni persona, anche se non sempre espresso in maniera consapevole. afamiglia asaggio aInvernizzi M.